000 00590nam a2200205Ii 4500
003 JO-AjNU
008 230606s9999||||xx |||||||||||||| ||und||
020 _a978-81-203-3
040 _aJO-AjNU
_beng
_erda
_cJO-AjNU
041 _aeng
050 1 4 _aQA76.9.2004
100 3 _aMohan,Chandra,
_eauthor
_91173
245 0 0 _aDesign and Analysis of Algorithms
264 3 1 _aPRENTIC HALL PTR:NEW JERSEY,2004
300 _a162p
336 _atext
_btxt
_2rdacontent
337 _aunmediated
_bn
_2rdamedia
338 _avolume
_bnc
_2rdacarrier
650 4 _aDesign and Analysis of Algorithms
_91174
999 _aE615
_c615
_d615